| 000 | 01419nam a2200361 i 4500 | ||
|---|---|---|---|
| 001 | 13506894 | ||
| 003 | EG-ScBUE | ||
| 005 | 20230515130505.0 | ||
| 008 | 040301s2017 enka f bf 001 0 eng d | ||
| 020 | _a9780754635772 | ||
| 035 | _a(OCoLC)ocm54537199 | ||
| 040 |
_aDLC _beng _erda _cDLC _dYDX _dDLC _dEG-ScBUE |
||
| 082 | 0 | 4 |
_a707.2 _222 _bGRA |
| 100 | 1 |
_aGray, Carole, _d1957- _eauthor. |
|
| 245 | 1 | 0 |
_aVisualizing research : _ba guide to the research process in art and design / _cCarole Gray and Julian Malins. |
| 264 | 1 |
_aLondon ; _aNew York : _bRoutledge, _c2017. |
|
| 300 |
_axv, 214 pages : _billustrations ; _c26 cm. |
||
| 336 |
_2rdacontent _atext _btxt |
||
| 337 |
_2rdamedia _aunmediated _bn |
||
| 338 |
_2rdacarrier _avolume _bnc |
||
| 490 | _aAn Ashgate book | ||
| 504 | _aIncludes bibliographical references and index. | ||
| 650 | 7 |
_aDesign _xResearch _xMethodology _vHandbooks, manuals, etc. _2BUEsh |
|
| 650 | 7 |
_aArt _xResearch _xMethodology _vHandbooks, manuals, etc. _2BUEsh |
|
| 650 | 7 |
_aResearch _xMethodology _vHandbooks, manuals, etc. _2BUEsh |
|
| 653 |
_bART _cMay2023 |
||
| 655 | _vReading book | ||
| 700 | 1 |
_aMalins, Julian, _eauthor. |
|
| 906 |
_a7 _bcbc _corignew _d1 _eecip _f20 _gy-gencatlg |
||
| 942 |
_2ddc _cBB |
||
| 999 |
_c30395 _d30366 |
||